Bilecik Bilecik Bilecik Bilecik Bilecik

Prof. Dr. Hıfzı Timur'un anısına armağan. (Record no. 33190)

MARC details
000 -BAŞLIK
Sabit Uzunluktaki Kontrol Alanı 01570nam a22004337a 4500
001 - KONTROL NUMARASI
Control Dosyası 0033079
003 - KONTROL NUMARASI KİMLİĞİ
Kontrol Alanı KOHA_MİRAKIL
005 - EN SON İŞLEM TARİHİ ve ZAMANI
Kontrol Alanı 20260207002845.0
007 - FİZİKSEL TANIM SABİT ALAN - GENEL BİLGİ
Sabit uzunluklu kontrol alanı ta
008 - SABİT UZUNLUKTAKİ VERİ ÖGELERİ - GENEL BİLGİ
Sabit Alan 111013b1979 tu a|||gr||||#||||0|tur |
040 ## - KATALOGLAMA KAYNAĞI
Özgün Kataloglama Kurumu TR-BiSEU
Kataloglama Dili tur
Çeviri Kurumu TR-BiSEU
Açıklama Kuralları rda
041 0# - DİL KODU
Metin ya da ses kaydının dil kodu tur
044 ## - YAYINLAYAN/ÜRETEN KURULUŞUN ÜLKE KODU
ISO country code tu
050 ## - SINIFLAMA ve YER NUMARASI
Sınıflama Numarası KKX74
Yer Numarası .H54 1979
245 0# - ESER ADI BİLDİRİMİ
Başlık Prof. Dr. Hıfzı Timur'un anısına armağan.
264 #1 - ÜRERİM, YAYIN, DAĞITIM ve TELİF BİLDİRİMİ
Yayın yeri İstanbul :
Yayınlayan İstanbul Üniversitesi
Yayın tarihi 1979
300 ## - FİZİKSEL TANIMLAMA
Sayfa, Cilt vb. xxiii, 1087 sayfa :
Diğer fiziki detaylar res. ;
Boyutları 24 sm.
336 ## - İÇERİK TÜRÜ
Content type term metin
Content type code txt
Source rdacontent
337 ## - MEDYA TÜRÜ
Media type term aracısız
Media type code n
Source rdamedia
338 ## - TAŞIYICI TÜRÜ
Carrier type term cilt
Carrier type code nc
Source rdacarrier
490 1# - DİZİ BİLDİRİMİ
Dizi Bildirimi İstanbul Üniversitesi Yayınlarından ;
Cilt Numarası No : 2618.
490 1# - DİZİ BİLDİRİMİ
Dizi Bildirimi Hukuk Fakültesi No : 592.
490 1# - DİZİ BİLDİRİMİ
Dizi Bildirimi Milletlerarası Hukuk ve Milletlerarası Münasebetler Enstitüsü ;
Cilt Numarası No : 13.
650 #0 - KONU BAŞLIĞI EK GİRİŞ - KONU TERİMİ
Konusal terim veya coğrafi ad Timur, Hıfzı,1909-.
9 (RLIN) 64506
650 #0 - KONU BAŞLIĞI EK GİRİŞ - KONU TERİMİ
Konusal terim veya coğrafi ad Hukukçular--Türkiye.
9 (RLIN) 64507
650 #0 - KONU BAŞLIĞI EK GİRİŞ - KONU TERİMİ
Konusal terim veya coğrafi ad Lawyers--Turkey.
9 (RLIN) 17191
650 #0 - KONU BAŞLIĞI EK GİRİŞ - KONU TERİMİ
Konusal terim veya coğrafi ad Hukuk--Türkiye.
9 (RLIN) 4192
650 #0 - KONU BAŞLIĞI EK GİRİŞ - KONU TERİMİ
Konusal terim veya coğrafi ad Law--Turkey.
9 (RLIN) 4193
650 #0 - KONU BAŞLIĞI EK GİRİŞ - KONU TERİMİ
Konusal terim veya coğrafi ad Medeni hukuk--Türkiye.
9 (RLIN) 7301
650 #0 - KONU BAŞLIĞI EK GİRİŞ - KONU TERİMİ
Konusal terim veya coğrafi ad Civil law--Turkey.
9 (RLIN) 7300
650 #0 - KONU BAŞLIĞI EK GİRİŞ - KONU TERİMİ
Konusal terim veya coğrafi ad Ceza Hukuku--Türkiye.
9 (RLIN) 64508
650 #0 - KONU BAŞLIĞI EK GİRİŞ - KONU TERİMİ
Konusal terim veya coğrafi ad Criminal law--Turkey.
9 (RLIN) 6942
650 #0 - KONU BAŞLIĞI EK GİRİŞ - KONU TERİMİ
Konusal terim veya coğrafi ad Hukuk--Söylevler,denemeler,konferanslar.
9 (RLIN) 64509
650 #0 - KONU BAŞLIĞI EK GİRİŞ - KONU TERİMİ
Konusal terim veya coğrafi ad Law--Addresses, essays, lectures.
9 (RLIN) 64510
830 1# - SERİ EK GİRİŞİ - TEKBİÇİM ESER ADI
Tekbiçim Başlık İstanbul Üniversitesi Yayınlarından ;
Volume number/sequential designation No : 2618.
9 (RLIN) 6963
830 1# - SERİ EK GİRİŞİ - TEKBİÇİM ESER ADI
Tekbiçim Başlık Hukuk Fakültesi No : 592.
9 (RLIN) 64511
830 1# - SERİ EK GİRİŞİ - TEKBİÇİM ESER ADI
Tekbiçim Başlık Milletlerarası Hukuk ve Milletlerarası Münasebetler Enstitüsü ;
Volume number/sequential designation No : 13.
9 (RLIN) 64512
942 ## - EK GİRİŞ ÖGELERİ (KOHA)
Source of classification or shelving scheme Library of Congress Classification
Koha item type Book
Holdings
Materyal Türü Kalıcı Konum Mevcut Konum Raf Yeri Sınıflandırma Kaynağı Edinim Bilgisi Ana Konular Alt Konular Yer Numarası Demirbaş Numarası Fatura Tarihi Geri Çekilme Durumu Kayıp Durumu Hasarlı Durumu Kredi için değil Kayıt Tarih Toplam Ödünçverme Son Görülme Tarihi Son Kontrol Tarihi Genel / Bağış Notu
Book Prof. Dr. Azmi Özcan Kütüphanesi Prof. Dr. Azmi Özcan Kütüphanesi Uluğbey Salonu Library of Congress Classification Bağış HUKUK Türkiye Hukuku KKX74 .H54 1979 0033079 02/02/2026         13/10/2011   05/12/2024 05/12/2024 Genel Bağış